[Event "SVK-chT2B 2223"]
[Site "Slovakia"]
[Date "2023.02.11"]
[Round "8.7"]
[White "Orgon, Patrik"]
[Black "Huska, Jan"]
[Result "1-0"]
[WhiteElo "1833"]
[BlackElo "1794"]
[PlyCount "75"]
[EventDate "2022.10.08"]
[EventType "team-tourn"]
[EventRounds "11"]
[EventCountry "SVK"]
[SourceTitle "EXT 2024"]
[Source "ChessBase"]
[SourceDate "2023.10.10"]
[SourceVersion "1"]
[SourceVersionDate "2023.10.10"]
[SourceQuality "1"]
[WhiteTeam "Dubnica nad Vahom III"]
[BlackTeam "Prievidza"]
[WhiteTeamCountry "SVK"]
[BlackTeamCountry "SVK"]

1. d4 Nf6 2. Nf3 e6 3. e3 d5 4. Bd3 c5 5. b3 cxd4 6. exd4 Nc6 7. 0-0 Be7 8. Bb2 0-0 9. Nbd2 Bd7 10. Ne5 Rc8 11. a3 a6 12. Qe2 Na7 13. f4 Bb5 14. c4 dxc4 15. bxc4 Ba4 16. f5 Nc6 17. Ndf3 Nxe5 18. Nxe5 exf5 19. Bxf5 Bd7 20. Nxd7 Nxd7 21. Kh1 Bf6 22. Qg4 Rc7 23. Bd3 Nc5 24. Bc2 g6 25. Rab1 Nd7 26. Bb3 Bg7 27. c5 Nb8 28. Qf4 Qd7 29. Ba1 a5 30. Bc4 Nc6 31. Bb5 Qc8 32. Bc4 Nd8 33. Bc3 a4 34. Ba5 Rd7 35. d5 h5 36. Bb4 Qc7 37. Qxc7 Rxc7 38. Bb5 1-0

[Event "SVK-chT3B2 1920"]
[Site "Slovakia"]
[Date "2020.02.02"]
[Round "7.3"]
[White "Rucek, Kristian"]
[Black "Huska, Jan"]
[Result "1-0"]
[WhiteElo "1872"]
[BlackElo "1784"]
[PlyCount "69"]
[EventDate "2019.10.06"]
[EventType "team-tourn"]
[EventRounds "11"]
[EventCountry "SVK"]
[SourceTitle "CBM 195 Extra"]
[Source "ChessBase"]
[SourceDate "2020.05.31"]
[SourceVersion "1"]
[SourceVersionDate "2020.05.31"]
[SourceQuality "1"]
[WhiteTeam "Belusa"]
[BlackTeam "Bojnice"]
[WhiteTeamCountry "SVK"]
[BlackTeamCountry "SVK"]

1. d4 Nf6 2. Bf4 g6 3. Nc3 d5 4. f3 Bg7 5. e4 dxe4 6. fxe4 e6 7. Nf3 0-0 8. Qd2 a6 9. Be2 b5 10. e5 Nd5 11. Nxd5 exd5 12. 0-0 Bf5 13. a4 bxa4 14. Rxa4 Qc8 15. c4 dxc4 16. Rxc4 c6 17. d5 c5 18. h3 h5 19. Rfc1 Nd7 20. Bh6 Qb8 21. g4 hxg4 22. hxg4 Nxe5 23. Nxe5 Qxe5 24. Bf4 Qxb2 25. gxf5 Qxd2 26. Bxd2 Rfe8 27. Bf3 Bd4+ 28. Kg2 gxf5 29. Ba5 Rab8 30. d6 Rb2+ 31. R4c2 Re6 32. d7 Rg6+ 33. Kf1 Rb3 34. d8Q+ Kg7 35. Bc3 1-0

[Event "SVK-chT3B2 1819"]
[Site "Slovakia"]
[Date "2019.04.14"]
[Round "11.6"]
[White "Huska, Jan"]
[Black "Kudlej, Adam"]
[Result "1-0"]
[WhiteElo "1715"]
[BlackElo "1545"]
[PlyCount "47"]
[EventDate "2018.10.21"]
[EventType "team-tourn"]
[EventRounds "11"]
[EventCountry "SVK"]
[SourceTitle "EXT 2020"]
[Source "ChessBase"]
[SourceDate "2019.10.17"]
[SourceVersion "1"]
[SourceVersionDate "2019.10.17"]
[SourceQuality "1"]
[WhiteTeam "Bojnice"]
[BlackTeam "Belusa"]
[WhiteTeamCountry "SVK"]
[BlackTeamCountry "SVK"]

1. d4 d5 2. Bf4 Nf6 3. e3 e6 4. Nd2 Bd6 5. Bg3 Nbd7 6. Bd3 0-0 7. Ngf3 Re8 8. Ne5 Nf8 9. 0-0 Bxe5 10. dxe5 N6d7 11. Qh5 Nc5 12. f4 Nxd3 13. cxd3 Ng6 14. d4 Qe7 15. Nf3 h6 16. Rac1 c6 17. a3 a5 18. Bh4 Nxh4 19. Nxh4 Rf8 20. g4 Bd7 21. g5 hxg5 22. fxg5 Be8 23. Rf3 f5 24. g6 1-0

[Event "SVK-chT3B2 1819"]
[Site "Slovakia"]
[Date "2019.01.13"]
[Round "5.7"]
[White "Lukac, Jozef1111"]
[Black "Huska, Jan"]
[Result "1/2-1/2"]
[WhiteElo "1528"]
[BlackElo "1715"]
[PlyCount "120"]
[EventDate "2018.10.21"]
[EventType "team-tourn"]
[EventRounds "11"]
[EventCountry "SVK"]
[SourceTitle "CBM 189 Extra"]
[Source "ChessBase"]
[SourceDate "2019.06.03"]
[SourceVersion "1"]
[SourceVersionDate "2019.06.03"]
[SourceQuality "1"]
[WhiteTeam "Lehota pod Vtacnikom"]
[BlackTeam "Bojnice"]
[WhiteTeamCountry "SVK"]
[BlackTeamCountry "SVK"]

1. e4 c5 2. Nf3 e6 3. d4 cxd4 4. Nxd4 Nf6 5. Nc3 Nc6 6. Ndb5 d6 7. Bg5 a6 8. Bxf6 gxf6 9. Nd4 Bg7 10. Nxc6 bxc6 11. Bd3 Rb8 12. Rb1 Qa5 13. 0-0 Ke7 14. Ne2 Bb7 15. a3 h5 16. Qe1 Qc7 17. b4 Rbg8 18. Nd4 f5 19. Nf3 f4 20. c4 Bf6 21. Qe2 e5 22. b5 c5 23. a4 h4 24. Qb2 Qd7 25. Kh1 Qg4 26. Rg1 h3 27. Ne1 hxg2+ 28. Rxg2 Qh3 29. f3 a5 30. Bf1 Qh5 31. Qe2 Bh4 32. Nd3 Rxg2 33. Qxg2 Bg3 34. h3 Bc8 35. Rb2 Bxh3 36. Qxh3 Qxh3+ 37. Bxh3 Rxh3+ 38. Kg2 Rh2+ 39. Kf1 Rh1+ 40. Ke2 Rh2+ 41. Kd1 Rxb2 42. Nxb2 Kd7 43. Ke2 Bh4 44. Nd1 Bd8 45. Nc3 Kc8 46. Kf1 Kd7 47. Kg2 Ke6 48. Kh3 f5 49. exf5+ Kxf5 50. Nd5 Ke6 51. Kg4 Kd7 52. Kf5 Bc7 53. Ke4 Bd8 54. Kf5 Bc7 55. Kg6 Bd8 56. Kf7 Bc7 57. Nf6+ Kc8 58. Ke6 Kb7 59. Kd5 Kb6 60. Ke6 Kb7 1/2-1/2

[Event "SVK-chT3B2 1819"]
[Site "Slovakia"]
[Date "2018.12.09"]
[Round "4.7"]
[White "Huska, Jan"]
[Black "Kamas, Samuel"]
[Result "1/2-1/2"]
[WhiteElo "1715"]
[BlackElo "1814"]
[PlyCount "70"]
[EventDate "2018.10.21"]
[EventType "team-tourn"]
[EventRounds "11"]
[EventCountry "SVK"]
[SourceTitle "CBM 189 Extra"]
[Source "ChessBase"]
[SourceDate "2019.06.03"]
[SourceVersion "1"]
[SourceVersionDate "2019.06.03"]
[SourceQuality "1"]
[WhiteTeam "Bojnice"]
[BlackTeam "Povazska Bystrica Sparta"]
[WhiteTeamCountry "SVK"]
[BlackTeamCountry "SVK"]

1. d4 d5 2. Bf4 Bf5 3. e3 Nf6 4. c3 e6 5. Nf3 Be7 6. Nbd2 0-0 7. Ne5 Nbd7 8. Ndf3 Nxe5 9. Nxe5 Nd7 10. Bd3 Nxe5 11. Bxe5 Bxd3 12. Qxd3 Bd6 13. Bxd6 Qxd6 14. 0-0 c6 15. a4 Rfe8 16. f4 c5 17. dxc5 Qxc5 18. Qd4 Rac8 19. Qxc5 Rxc5 20. Rfd1 Rc4 21. Rd4 Rec8 22. Rad1 Kf8 23. Kf2 R8c6 24. Rxc4 Rxc4 25. Rd4 Ke7 26. Rxc4 dxc4 27. e4 Kd6 28. Ke3 e5 29. g4 f6 30. h4 Kc5 31. fxe5 fxe5 32. Kd2 a6 33. Kc2 b5 34. axb5 axb5 35. b4+ Kd6 1/2-1/2